000 00905nam a2200253Ia 4500
003 OSt
005 20221005103432.0
006 a|||||r|||| 00| 0
007 ta
008 221004b |||||||| |||| 00| 0 hin d
020 _a9788171325283 (hbk)
_c800
024 _a98792
037 _b366, 22/12/2009, Eastern Book Linkers
_cTextual
040 _aCRL
_cCRL
_bhin
041 _2hin
_ahin
082 _aY:1.2, 152P8
100 _aमाथुर, कमलेश
245 0 _aभारतीय संस्कृति एंव विरासत
246 _aBhāratīya sanskṛuti eanva virāsata
260 _aजयपुर
_bपोइन्टर पब्लिशर्स भारत
_c2008
300 _a288पृ0
_ccm.
942 _hY:1.2, 152P8
_cTEXL
_2cc
999 _c1010083
_d1010083